LEADER 01268nam1 2200397 450 001 990000518070203316 011 $a0077-1449 035 $a0051807 035 $aUSA010051807 035 $a(ALEPH)000051807USA01 035 $a0051807 100 $a20010620d1984----km-y0itay0103----ba 101 $aita 102 $aIT 105 $a||||||||001yy 200 1 $a<> conventi cappuccini nell'inchiesta del 1650$fa cura di Mariano d'Alatri 210 $aRoma$cIstituto storico dei cappuccini$d1984-1987 215 $a3 v.$d26 cm 225 2 $aMonumenta historica Ordinis minorum Capuccinorum 300 $aTit. del dorso: I conventi cappuccini d'Italia 410 $12001$aMonumenta historica Ordinis minorum Capuccinorum 461 1$1001-------$12001 606 0 $aCappuccini$xPatrimonio$zSec. 17.$xFonti 676 $a333.322 702 1$aD'ALATRI,$bMariano 801 0$aIT$bsalbc$gISBD 912 $a990000518070203316 951 $aXIV 237$bLM$cXIV 959 $aBK 969 $aUMA 979 $aPATTY$b90$c20010620$lUSA01$h1429 979 $aPATTY$b90$c20010620$lUSA01$h1431 979 $c20020403$lUSA01$h1700 979 $aPATRY$b90$c20040406$lUSA01$h1636 996 $aConventi cappuccini nell'inchiesta del 1650$9886788 997 $aUNISA LEADER 01017nam0-2200349---450- 001 990008171890403321 005 20080319124640.0 010 $a88-464-5849-4 035 $a000817189 035 $aFED01000817189 035 $a(Aleph)000817189FED01 035 $a000817189 100 $a20050727d2004----km-y0itay50------ba 101 0 $aita 102 $aIT 105 $ay---n---001yy 200 1 $a<>gestione manageriale degli enti locali$eil processo di programmazione e i relativi strumenti manageriali$fSerena Cascioli 210 $aMilano$cF. Angeli$d2004 215 $a125 p.$d23 cm 225 1 $aAzienda moderna$v566 676 $a352.32140945$v21$zita 700 1$aCascioli,$bSerena$0117809 801 0$aIT$bUNINA$gRICA$2UNIMARC 901 $aBK 912 $a990008171890403321 952 $aM 273$b4097$fDSS 952 $aVI G 976$b6260$fDDA 952 $aVI G 1001$b6611$fDDA 959 $aDSS 959 $aDDA 996 $aGestione manageriale degli enti locali$9735929 997 $aUNINA